[Event "World Rapid 2022"]
[Site "Almaty KAZ"]
[Date "2022.12.28"]
[Round "13.33"]
[White "Petrosian, Tigran L."]
[Black "Yilmaz, Mustafa"]
[Result "0-1"]
[WhiteTitle "GM"]
[BlackTitle "GM"]
[WhiteElo "2551"]
[BlackElo "2617"]
[WhiteFideId "13301616"]
[BlackFideId "6302718"]
[EventDate "2022.12.26"]

1. Nf3 d5 2. g3 g6 3. d4 Bg7 4. c4 c6 5. cxd5 cxd5 6. Bg2 Nf6 7. Nc3 O-O 8. Ne5
Bf5 9. O-O Ne4 10. Na4 Nd7 11. Bf4 Rc8 12. Qb3 Nxe5 13. dxe5 Qa5 14. Rfc1 Bd7
15. Bxe4 dxe4 16. Nc3 Bc6 17. e6 f5 18. Rd1 Rfd8 19. Rd7 Kf8 20. Bc7 Qxc7 21.
Rxc7 Rxc7 22. Rd1 Rcc8 23. Nd5 Be5 24. h4 Rd6 25. Ne3 Rxd1+ 26. Qxd1 Bxb2 27.
Nc4 Bf6 28. Na5 b6 29. Nxc6 Rxc6 30. Qd7 Rd6 31. Qc8+ Kg7 32. h5 a5 33. a4 gxh5
34. Kg2 h4 35. gxh4 Bxh4 36. Qc3+ Bf6 37. Qg3+ Kh6 38. Qb3 Kg6 39. f3 exf3+ 40.
exf3 Rd2+ 41. Kf1 Bd4 42. Ke1 Rf2 43. Qd3 Bc5 44. Qd5 Kf6 45. Qb3 h5 46. Qc3+
Kxe6 47. Qh8 Rxf3 48. Qxh5 Re3+ 49. Kd2 Re4 50. Qe8 Ke5 51. Qb8+ Kd5 52. Qd8+
Ke5 53. Qb8+ Kd5 54. Qd8+ Kc4 55. Qd3+ Kb4 56. Qb5+ Ka3 57. Kc2 Rb4 58. Qd7 Rc4+
59. Kb1 f4 60. Qd3+ Kb4 61. Ka2 Be3 62. Qb3+ Kc5 63. Qb5+ Kd4 64. Qxb6+ Ke4 65.
Qxa5 e5 66. Qa8+ Kd4 67. a5 Kc3 68. Qe8 e4 69. Qe5+ Kd3 70. Kb3 Rc1 71. Qb5+ Kd2
72. Qd5+ Ke2 73. a6 f3 74. Qxe4 f2 75. a7 f1=Q 76. a8=Q Qd1+ 77. Kb4 Qd6+ 78.
Kb3 Qd1+ 79. Kb4 Qd2+ 80. Kb3 Rc3+ 81. Ka4 Qa2+ 82. Kb5 Rb3+ 83. Kc4 Ra3+ 84.
Kb4 Qb3# 0-1

[Event "World Rapid 2022"]
[Site "Almaty KAZ"]
[Date "2022.12.28"]
[Round "13.34"]
[White "Ter-Sahakyan, Samvel"]
[Black "Bluebaum, Matthias"]
[Result "1/2-1/2"]
[WhiteTitle "GM"]
[BlackTitle "GM"]
[WhiteElo "2605"]
[BlackElo "2657"]
[WhiteFideId "13302531"]
[BlackFideId "24651516"]
[EventDate "2022.12.26"]

1. e4 e6 2. d4 d5 3. exd5 exd5 4. Nf3 Nc6 5. Bd3 Nb4 6. Bb5+ c6 7. Ba4 Bf5 8.
O-O Bd6 9. c3 Na6 10. Re1+ Ne7 11. Nh4 Be6 12. Bc2 Qd7 13. Nd2 g5 14. Nhf3 f6
15. Nf1 h5 16. Qe2 Nc7 17. b4 O-O-O 18. Ne5 Qe8 19. a4 Kb8 20. Nd3 Bc8 21. Nc5
h4 22. b5 cxb5 23. axb5 Nxb5 24. Bd3 a6 25. Qb2 Qc6 26. Ne3 Bxc5 27. dxc5 Qxc5
28. Nc2 Nc6 29. Bxb5 Qxb5 30. Qxb5 axb5 31. Be3 Bd7 32. Nd4 Rde8 33. Nxb5 Re6
34. Reb1 d4 35. Nxd4 Nxd4 36. Bxd4 Bc6 37. Re1 Rhe8 38. Rxe6 Rxe6 39. h3 f5 40.
f3 g4 41. hxg4 fxg4 42. fxg4 Re4 43. Kh2 Rxg4 44. Kh3 Rxg2 45. Kxh4 Kc7 46. Rg1
Rxg1 1/2-1/2

[Event "World Rapid 2022"]
[Site "Almaty KAZ"]
[Date "2022.12.28"]
[Round "13.35"]
[White "Nesterov, Arseniy"]
[Black "Zhigalko, Sergei"]
[Result "1-0"]
[WhiteTitle "GM"]
[BlackTitle "GM"]
[WhiteElo "2573"]
[BlackElo "2572"]
[WhiteFideId "24198455"]
[BlackFideId "13502956"]
[EventDate "2022.12.26"]

1. d4 d5 2. c4 e6 3. Nf3 c6 4. Nbd2 f5 5. g3 Nd7 6. Bg2 Bd6 7. O-O Ngf6 8. Ne1
O-O 9. Nd3 Qe7 10. Qc2 b6 11. b4 Bb7 12. c5 Bc7 13. a4 bxc5 14. bxc5 a5 15. Nf3
Ba6 16. Bf4 Bxd3 17. Qxd3 e5 18. dxe5 Nxe5 19. Bxe5 Bxe5 20. Rab1 Ne4 21. Rfc1
f4 22. Rb6 fxg3 23. hxg3 Nxc5 24. Qc2 Bd6 25. Rxc6 Na6 26. Ng5 Qxg5 27. Rxd6 Nb4
28. Qc5 Kh8 29. Bxd5 Nxd5 30. Rxd5 Qg4 31. Qc4 Qh3 32. Qd4 Rae8 33. Rc7 Rg8 34.
e3 Rb8 35. Qd1 Qe6 36. Rc1 Rb2 37. Rd8 h6 38. Rxg8+ Kxg8 39. Qd8+ Kh7 40. Qxa5
Qf6 41. Rf1 Ra2 42. Qb5 Qg6 43. Qc4 Rc2 44. Qb3 h5 45. Qb4 Ra2 46. Qc4 Rc2 47.
Qf4 Ra2 48. Rd1 Qc2 49. Rd4 Ra1+ 50. Kg2 Qc1 51. Qf5+ g6 52. Rd7+ Kh6 53. Qf8+ 1-0

[Event "World Rapid 2022"]
[Site "Almaty KAZ"]
[Date "2022.12.28"]
[Round "13.36"]
[White "Adly, Ahmed"]
[Black "Suyarov, Mukhammadzokhid"]
[Result "1-0"]
[WhiteTitle "GM"]
[BlackTitle "FM"]
[WhiteElo "2596"]
[BlackElo "2299"]
[WhiteFideId "10601619"]
[BlackFideId "14210495"]
[EventDate "2022.12.26"]

1. d4 e6 2. Nf3 Nf6 3. g3 b6 4. Bg2 Bb7 5. O-O c5 6. c4 cxd4 7. Qxd4 Nc6 8. Qf4
Be7 9. Rd1 O-O 10. e4 d6 11. Nc3 Rc8 12. b3 e5 13. Qd2 Qd7 14. Ba3 Rfd8 15. Qe3
h6 16. Rac1 Qe6 17. Nd5 Bf8 18. Rd2 Ne7 19. Nc3 Rd7 20. Ne1 g6 21. Rcd1 Rcd8 22.
Nc2 h5 23. Rd3 Kh7 24. Qe2 Nc8 25. Qf1 Ng4 26. f3 Nh6 27. Bh3 f5 28. Bc1 Rf7 29.
Qe2 Be7 30. Nb4 Rdf8 31. Nbd5 Bd8 32. a4 Bc6 33. Ba3 g5 34. exf5 Nxf5 35. Qe4
Kh8 36. Ne2 Qh6 37. Bb2 Bd7 38. Nb4 Re8 39. Nc6 g4 40. Nxe5 dxe5 41. Rxd7 Ncd6
42. Bxe5+ Kg8 43. Bf4 Rxe4 44. Rxd8+ Kh7 45. Bxh6 Rxe2 46. fxg4 hxg4 47. Bxg4
Rb2 48. Bf4 Ne4 49. R8d7 Rxd7 50. Bxf5+ 1-0

[Event "World Rapid 2022"]
[Site "Almaty KAZ"]
[Date "2022.12.28"]
[Round "13.37"]
[White "Suleymanli, Aydin"]
[Black "Yakubboev, Nodirbek"]
[Result "1-0"]
[WhiteTitle "GM"]
[BlackTitle "GM"]
[WhiteElo "2543"]
[BlackElo "2647"]
[WhiteFideId "13413937"]
[BlackFideId "14203987"]
[EventDate "2022.12.26"]

1. d4 Nf6 2. c4 g6 3. Nc3 Bg7 4. e4 d6 5. h3 O-O 6. Be3 Nc6 7. d5 Ne5 8. f4 Ned7
9. g4 c6 10. Nge2 cxd5 11. cxd5 b6 12. Bg2 Bb7 13. O-O Rc8 14. Rc1 Re8 15. Nd4
Nc5 16. b4 e5 17. fxe5 dxe5 18. Nc6 Bxc6 19. bxc5 Bb7 20. c6 Ba6 21. Rf2 h5 22.
g5 Nh7 23. Qa4 Bd3 24. Rd1 b5 25. Qxa7 Bc4 26. Qxf7+ Kh8 27. Qxg6 Qa5 28. Qxh5 1-0

[Event "World Rapid 2022"]
[Site "Almaty KAZ"]
[Date "2022.12.28"]
[Round "13.38"]
[White "Tologon tegin, Semetei"]
[Black "Moiseenko, Alexander"]
[Result "0-1"]
[WhiteTitle "IM"]
[BlackTitle "GM"]
[WhiteElo "2394"]
[BlackElo "2577"]
[WhiteFideId "13800574"]
[BlackFideId "14102560"]
[EventDate "2022.12.26"]

1. e4 c5 2. Nf3 e6 3. d4 cxd4 4. Nxd4 Nf6 5. Nc3 Nc6 6. Nxc6 bxc6 7. e5 Nd5 8.
Ne4 Qc7 9. f4 Rb8 10. Bd3 Ba6 11. a3 Bxd3 12. Qxd3 f5 13. exf6 Nxf6 14. Nxf6+
gxf6 15. O-O f5 16. Qc3 Rg8 17. Qh3 Qb6+ 18. Kh1 Qb5 19. Re1 Qd5 20. c3 Rg6 21.
b4 Bg7 22. Rg1 Qc4 23. Bd2 Kf7 24. Rad1 d5 25. Be3 Rh6 26. Qf3 Qe4 27. Qf2 Bf6
28. Bxa7 Bh4 29. Qe3 Rg8 30. Qxe4 fxe4 31. Be3 Bg3 32. h3 Rf6 33. Rgf1 Ra8 34.
Ra1 Ra4 35. Kg1 Kg6 36. Ra2 h5 37. Raa1 Rf8 38. Ra2 h4 39. c4 e5 40. cxd5 cxd5
41. Rc1 d4 42. Bf2 Bxf2+ 43. Kxf2 Rxf4+ 44. Ke2 Ra8 45. Rf1 d3+ 46. Ke1 Rxf1+
47. Kxf1 e3 48. a4 Rf8+ 49. Ke1 d2+ 50. Ke2 Rf2+ 51. Kxe3 d1=N+ 0-1

[Event "World Rapid 2022"]
[Site "Almaty KAZ"]
[Date "2022.12.28"]
[Round "13.39"]
[White "Tsydypov, Zhamsaran"]
[Black "Uskov, Artem"]
[Result "1/2-1/2"]
[WhiteTitle "GM"]
[BlackTitle "FM"]
[WhiteElo "2534"]
[BlackElo "2376"]
[WhiteFideId "4108566"]
[BlackFideId "34254854"]
[EventDate "2022.12.26"]

1. b3 e5 2. Bb2 Nc6 3. e3 d5 4. Bb5 Bd6 5. Nf3 Qe7 6. d4 e4 7. Ne5 Bxe5 8. dxe5
Be6 9. O-O Qg5 10. Qe2 Ne7 11. Nd2 a6 12. f4 exf3 13. Nxf3 Qh5 14. Bd3 O-O 15.
h3 Rfe8 16. Qf2 Ng6 17. Be2 Qf5 18. Rac1 Bd7 19. g4 Qe6 20. Kg2 Kh8 21. Ng5 Qe7
22. Nxf7+ Kg8 23. Ba3 Qxa3 24. Nh6+ Kh8 25. Nf7+ 1/2-1/2

[Event "World Rapid 2022"]
[Site "Almaty KAZ"]
[Date "2022.12.28"]
[Round "13.40"]
[White "Gharibyan, Mamikon"]
[Black "Adhiban, Baskaran"]
[Result "1/2-1/2"]
[WhiteTitle "IM"]
[BlackTitle "GM"]
[WhiteElo "2480"]
[BlackElo "2611"]
[WhiteFideId "13308300"]
[BlackFideId "5018471"]
[EventDate "2022.12.26"]

1. d4 f5 2. g3 Nf6 3. Bg2 g6 4. Nf3 Bg7 5. O-O O-O 6. Nc3 Ne4 7. Qd3 d5 8. Bf4
c6 9. Nd1 c5 10. c4 Nc6 11. cxd5 Nb4 12. Qb3 Qxd5 13. Qxd5+ Nxd5 14. Be5 Bxe5
15. Nxe5 cxd4 16. Nf3 Rd8 17. Nxd4 Nb4 18. Nb3 Nd2 19. Nxd2 Rxd2 20. Nc3 Be6 21.
a3 Nc6 22. Na4 Rad8 23. Nc5 Bc8 24. e4 Rxb2 25. exf5 gxf5 26. Rab1 Rxb1 27. Rxb1
b6 28. Bxc6 bxc5 29. Rb8 Kf7 30. Bb5 Rd1+ 31. Kg2 Be6 32. Kf3 c4 33. Ke2 Ra1 34.
a4 Ra2+ 35. Ke3 c3 36. Rb7 c2 37. Kd2 a6 38. Bxa6 Rxa4 39. Bd3 Ra2 40. Bxc2 Bd5
41. Rc7 Be4 42. Kd1 Ra1+ 43. Ke2 Ra2 44. Kd1 Ra1+ 45. Ke2 Ra2 46. Kd1 Ra1+ 47.
Ke2 1/2-1/2

[Event "World Rapid 2022"]
[Site "Almaty KAZ"]
[Date "2022.12.28"]
[Round "13.41"]
[White "Makhnev, Denis"]
[Black "Harikrishna, Pentala"]
[Result "0-1"]
[WhiteTitle "GM"]
[BlackTitle "GM"]
[WhiteElo "2481"]
[BlackElo "2705"]
[WhiteFideId "13707647"]
[BlackFideId "5007003"]
[EventDate "2022.12.26"]

1. d4 Nf6 2. c4 e6 3. g3 Be7 4. Bg2 d5 5. Nf3 O-O 6. O-O dxc4 7. Qc2 a6 8. a4
Bd7 9. Qxc4 Bc6 10. Bf4 Bd6 11. Qc1 a5 12. Rd1 Na6 13. Nc3 Nb4 14. Bg5 h6 15.
Bh4 Bxf3 16. Bxf3 g5 17. Bxb7 Rb8 18. Bxg5 hxg5 19. Qxg5+ Kh8 20. Bg2 c6 21.
Rac1 Nh7 22. Qh6 Qf6 23. Qd2 Qg7 24. Ne4 Be7 25. e3 Rfd8 26. Qe2 Kg8 27. Nc5 Rb6
28. Nd3 Nxd3 29. Rxd3 e5 30. Rxc6 Rxc6 31. Bxc6 Qg6 32. Bg2 Bb4 33. Rd1 exd4 34.
exd4 Nf6 35. Bf3 Rc8 36. Qe5 Rc2 37. h4 Ng4 38. Qb8+ Kg7 39. Rf1 Nxf2 40. Rxf2
Bd6 41. Qb5 Rc1+ 42. Rf1 Qxg3+ 43. Bg2 Qh2+ 44. Kf2 Rc2+ 0-1

[Event "World Rapid 2022"]
[Site "Almaty KAZ"]
[Date "2022.12.28"]
[Round "13.42"]
[White "Dardha, Daniel"]
[Black "Shimanov, Aleksandr"]
[Result "0-1"]
[WhiteTitle "GM"]
[BlackTitle "GM"]
[WhiteElo "2606"]
[BlackElo "2581"]
[WhiteFideId "240990"]
[BlackFideId "4198603"]
[EventDate "2022.12.26"]

1. d4 e6 2. Nf3 c5 3. c4 cxd4 4. Nxd4 Nf6 5. g3 d5 6. Bg2 e5 7. Nb3 d4 8. O-O
Nc6 9. f4 Bd6 10. fxe5 Bxe5 11. Bf4 Ng4 12. Bxc6+ bxc6 13. Bxe5 Nxe5 14. Na3 Rb8
15. Rf4 O-O 16. Qxd4 Qe7 17. Qe3 f6 18. Rd1 Re8 19. Rd2 Qf7 20. Qc3 Rb7 21. Nc5
Rbe7 22. Nc2 Qh5 23. Rh4 Qg6 24. Rhd4 Ng4 25. e4 f5 26. Rd8 fxe4 27. Ne3 Qg5 28.
Rxe8+ Rxe8 29. Nxg4 Bxg4 30. b4 e3 31. Rd3 e2 32. Qe1 0-1

[Event "World Rapid 2022"]
[Site "Almaty KAZ"]
[Date "2022.12.28"]
[Round "13.43"]
[White "Svane, Frederik"]
[Black "Narayanan, S.L."]
[Result "0-1"]
[WhiteTitle "GM"]
[BlackTitle "GM"]
[WhiteElo "2568"]
[BlackElo "2669"]
[WhiteFideId "12923044"]
[BlackFideId "5058422"]
[EventDate "2022.12.26"]

1. e4 c5 2. Nf3 e6 3. g3 Nc6 4. Bg2 d6 5. O-O Nf6 6. d3 Be7 7. a4 O-O 8. Na3 d5
9. e5 Nd7 10. Re1 a6 11. Qe2 b5 12. c3 b4 13. Nc2 a5 14. c4 b3 15. Ne3 Nb6 16.
h4 Nb4 17. Ng5 h6 18. Nh3 Ra7 19. Ng4 f5 20. exf6 Bxf6 21. Be3 d4 22. Nxf6+ Rxf6
23. Bf4 Nc2 24. Be5 Rff7 25. Nf4 Nxa1 26. Rxa1 Rae7 27. Re1 Nd7 28. Bd6 Re8 29.
Qh5 Rf5 30. Qg6 Nf8 31. Bxf8 Rexf8 32. Nxe6 Bxe6 33. Qxe6+ Kh8 34. Be4 R5f6 35.
Qg4 Qe8 36. f4 Qxa4 37. f5 Qd7 38. Qd1 Rxf5 39. Bxf5 Qxf5 40. Qe2 Qf3 41. Qxf3
Rxf3 42. Re5 Rxd3 43. Rxc5 Rd2 0-1

[Event "World Rapid 2022"]
[Site "Almaty KAZ"]
[Date "2022.12.28"]
[Round "13.44"]
[White "Tin, Jingyao"]
[Black "Niemann, Hans Moke"]
[Result "1-0"]
[WhiteTitle "GM"]
[BlackTitle "GM"]
[WhiteElo "2562"]
[BlackElo "2698"]
[WhiteFideId "5804418"]
[BlackFideId "2093596"]
[EventDate "2022.12.26"]

1. d4 Nf6 2. c4 g6 3. Nc3 Bg7 4. e4 d6 5. Nf3 O-O 6. Be2 e5 7. O-O h6 8. Re1
Nbd7 9. dxe5 dxe5 10. Be3 c6 11. h3 Qe7 12. Qc2 Nh7 13. a3 Nc5 14. Rad1 Ne6 15.
c5 Nhg5 16. b4 Nxf3+ 17. Bxf3 Nd4 18. Bxd4 exd4 19. Ne2 Rd8 20. Rd2 Be5 21. Red1
Qg5 22. Nxd4 Bxh3 23. Kf1 Bd7 24. Nb3 Be6 25. Na5 Rxd2 26. Qxd2 Qh4 27. g3 Qh2
28. Qe3 h5 29. Ke2 Bg4 30. Bxg4 hxg4 31. Nxb7 Kg7 32. Rd8 Rxd8 33. Nxd8 Qh1 34.
Nxc6 Bb2 35. Na5 Qa1 36. Qb3 Bc3 37. c6 Qe1+ 38. Kd3 Be5 39. Qc2 Qf1+ 40. Qe2
Qc1 41. Qd2 Qxa3+ 42. Kc4 Qf3 43. Qc2 a6 44. Kc5 Bc7 45. Nc4 Kg8 46. b5 axb5 47.
Kxb5 Qf6 48. Qd2 Qa1 49. Qd7 Qb1+ 50. Kc5 Qb8 51. Qxg4 Qa7+ 52. Kd5 Kg7 53. Qd7
Qb8 54. e5 Qb5+ 55. Kd4 Bb6+ 56. Nxb6 Qxb6+ 57. Kc4 Qxf2 58. e6 Qc2+ 59. Kb5
Qb3+ 60. Ka6 Qa4+ 61. Kb7 Qb4+ 62. Kc8 Qf8+ 63. Kc7 1-0

[Event "World Rapid 2022"]
[Site "Almaty KAZ"]
[Date "2022.12.28"]
[Round "13.45"]
[White "Savchenko, Boris"]
[Black "Muradli, Mahammad"]
[Result "0-1"]
[WhiteTitle "GM"]
[BlackTitle "GM"]
[WhiteElo "2552"]
[BlackElo "2540"]
[WhiteFideId "4147332"]
[BlackFideId "13409301"]
[EventDate "2022.12.26"]

1. f4 c5 2. e4 d6 3. Nc3 g6 4. Nf3 Bg7 5. Bb5+ Bd7 6. Bc4 Nc6 7. O-O e6 8. d3
Nge7 9. Qe1 O-O 10. Qh4 Nd4 11. f5 gxf5 12. Bg5 f6 13. Bh6 Ng6 14. Qh3 Kh8 15.
Nxd4 cxd4 16. exf5 e5 17. Ne4 Bxh6 18. Qxh6 Nf4 19. Nxd6 Qe7 20. g3 Qxd6 21.
gxf4 b5 22. Bb3 exf4 23. Kf2 Bxf5 24. Rg1 Qc7 25. Rg2 Rae8 26. Rag1 Qe7 27. Be6
Rf7 28. Re1 Bxe6 29. Qxf4 Qc7 30. Qxd4 Qxc2+ 31. Kg1 Qc8 32. Rf1 Ref8 33. b3 Bh3 0-1

[Event "World Rapid 2022"]
[Site "Almaty KAZ"]
[Date "2022.12.28"]
[Round "13.46"]
[White "Predke, Alexandr"]
[Black "Dragnev, Valentin"]
[Result "1-0"]
[WhiteTitle "GM"]
[BlackTitle "GM"]
[WhiteElo "2684"]
[BlackElo "2556"]
[WhiteFideId "24107581"]
[BlackFideId "1634852"]
[EventDate "2022.12.26"]

1. Nf3 Nf6 2. c4 e6 3. g3 d5 4. Bg2 dxc4 5. Qa4+ Bd7 6. Qxc4 c5 7. d4 Nc6 8.
dxc5 Qa5+ 9. Bd2 Qxc5 10. Na3 Qxc4 11. Nxc4 Ne4 12. O-O Nxd2 13. Nfxd2 Be7 14.
Ne4 O-O 15. Rfd1 Rfd8 16. Ncd6 Rab8 17. Nc5 Bc8 18. Nce4 f5 19. Nxc8 Rbxc8 20.
Nc3 Na5 21. e4 g6 22. exf5 gxf5 23. Re1 Kf7 24. Re2 Bf6 25. Rae1 Bxc3 26. bxc3
Rd6 27. g4 fxg4 28. Re5 b6 29. h3 gxh3 30. Bxh3 Rxc3 31. Bxe6+ Kf6 32. Rf5+ Kg6
33. Rf4 Rc5 34. Bf7+ Kg7 35. Be8 Rg5+ 36. Kf1 Rf6 37. Rd4 Rgf5 38. Re2 a6 39. a4
h5 40. Bd7 Rf3 41. Rd5 h4 42. Rg5+ Kh6 43. Rg4 h3 44. Rh4+ Kg5 45. Rh8 Nc4 46.
Bxh3 b5 47. axb5 axb5 48. Kg1 Rg6 49. Bg2 Rf4 50. Rb8 Rb6 51. Rc8 Rf5 52. Bh3
Rff6 53. Re4 Rg6 54. Kh2 Kh6 55. Rc7 Rgf6 56. Rh4+ Kg6 57. Rg4+ Kh6 58. f4 Rfd6
59. Rh4+ Kg6 60. Rch7 Rd2+ 61. Kg1 Rd1+ 62. Kf2 Rd2+ 1-0

[Event "World Rapid 2022"]
[Site "Almaty KAZ"]
[Date "2022.12.28"]
[Round "13.47"]
[White "Aravindh, Chithambaram VR."]
[Black "Tang, Andrew"]
[Result "0-1"]
[WhiteTitle "GM"]
[BlackTitle "GM"]
[WhiteElo "2607"]
[BlackElo "2540"]
[WhiteFideId "5072786"]
[BlackFideId "2059630"]
[EventDate "2022.12.26"]

1. d4 d5 2. Nf3 Nf6 3. Bf4 e6 4. e3 c5 5. c3 Nc6 6. Nbd2 Nh5 7. Bg5 f6 8. Bh4 g6
9. Bb5 cxd4 10. Nxd4 Bd7 11. O-O Be7 12. N2b3 e5 13. Nxc6 bxc6 14. Be2 Ng7 15.
c4 Nf5 16. Bg3 h5 17. cxd5 h4 18. e4 Nd6 19. Bxe5 fxe5 20. Bg4 Nf7 21. Rc1 cxd5
22. Nc5 Bxc5 23. Rxc5 O-O 24. Rxd5 Bxg4 25. Qxg4 Qf6 26. g3 Rad8 27. b4 Rxd5 28.
exd5 Nd6 29. a4 e4 30. gxh4 e3 31. h5 exf2+ 32. Kh1 Qf5 33. Qxf5 Rxf5 34. Kg2
Ne4 35. d6 Rg5+ 36. Kh1 gxh5 0-1

[Event "World Rapid 2022"]
[Site "Almaty KAZ"]
[Date "2022.12.28"]
[Round "13.48"]
[White "Maze, Sebastien"]
[Black "Sankalp, Gupta"]
[Result "1-0"]
[WhiteTitle "GM"]
[BlackTitle "GM"]
[WhiteElo "2538"]
[BlackElo "2485"]
[WhiteFideId "613762"]
[BlackFideId "5097010"]
[EventDate "2022.12.26"]

1. e4 e5 2. Nf3 Nf6 3. Nc3 Nc6 4. Bb5 Bb4 5. O-O O-O 6. d3 d6 7. Ne2 Ne7 8. c3
Ba5 9. Ng3 c6 10. Ba4 Ng6 11. h3 d5 12. Re1 dxe4 13. dxe4 Be6 14. Ng5 Bc4 15.
Bb3 Qxd1 16. Rxd1 Bxb3 17. axb3 Bb6 18. Nf3 Rfd8 19. Bg5 Rxd1+ 20. Rxd1 Ne8 21.
Nf5 f6 22. Be3 Nf8 23. Ra1 Rd8 24. Bxb6 axb6 25. Kf1 Ne6 26. b4 Nf4 27. h4 g6
28. Ne3 Kf7 29. g3 Ne6 30. Ke2 b5 31. Nd2 Nd6 32. f3 f5 33. Nc2 h5 34. Ne1 f4
35. g4 hxg4 36. fxg4 Nf8 37. Nef3 Nd7 38. b3 Ke6 39. Ng5+ Ke7 40. c4 bxc4 41.
bxc4 Nf6 42. Ra7 Rd7 43. Ra8 Nde8 44. Nb3 Nxg4 45. Nc5 Rd4 46. Nxb7 Ngf6 47. Na5
Kd7 48. Ra7+ Nc7 49. Rxc7+ Kxc7 50. Ne6+ Kb6 51. Nxd4 exd4 52. e5 Nd7 53. e6 Nf6
54. Nb3 Kc7 55. Nxd4 Ne4 56. Kf3 Nd2+ 57. Kxf4 Nxc4 58. Kg5 Ne5 59. Kf6 Kd6 60.
b5 c5 61. Ne2 Ng4+ 62. Kxg6 Kxe6 63. h5 c4 64. Nc3 Kd6 65. h6 Nxh6 66. Kxh6 Kc5
67. Kg6 Kb4 68. b6 Kxc3 69. b7 Kd2 70. b8=Q c3 71. Qb4 Kd3 72. Kf5 c2 73. Qe1 1-0

[Event "World Rapid 2022"]
[Site "Almaty KAZ"]
[Date "2022.12.28"]
[Round "13.49"]
[White "Ansat, Aldiyar"]
[Black "Tari, Aryan"]
[Result "1-0"]
[WhiteTitle "IM"]
[BlackTitle "GM"]
[WhiteElo "2291"]
[BlackElo "2659"]
[WhiteFideId "13715658"]
[BlackFideId "1510045"]
[EventDate "2022.12.26"]

1. e4 c6 2. d4 d5 3. Nc3 dxe4 4. Nxe4 Nf6 5. Nxf6+ exf6 6. Nf3 Bd6 7. Bd3 O-O 8.
O-O Nd7 9. c4 Re8 10. h3 Nf8 11. Qb3 Rb8 12. Rd1 Be6 13. d5 cxd5 14. cxd5 Bd7
15. Be3 Qa5 16. a4 Ng6 17. Bb5 Rbd8 18. Nd2 Ne5 19. Ne4 Bb4 20. Nc5 Bxb5 21.
Nxb7 Bc4 22. Nxa5 Bxb3 23. Nxb3 Nc4 24. Bxa7 Nxb2 25. Rdb1 Ra8 26. Rxb2 Bc3 27.
Bd4 Bxb2 28. Bxb2 Rab8 29. Bxf6 Rxb3 30. Bd4 Reb8 31. Kh2 Ra8 32. a5 Ra6 33. Rc1
h5 34. Bb6 Rd3 35. Rc8+ Kh7 36. Rd8 Kg6 37. d6 Kf6 38. Kg1 Rd1+ 39. Kh2 Rd5 40.
Kg3 Ke6 41. Bc7 Raxa5 42. Re8+ Kd7 43. Re7+ Kc6 44. Bxa5 Rxa5 45. d7 Kc7 46.
Rxf7 Rg5+ 47. Kf3 h4 48. Rf4 Kxd7 49. Rxh4 Ke6 50. Re4+ Kf7 51. g4 Ra5 52. Kg3
g5 53. f3 Ra1 54. h4 Kf6 55. hxg5+ Kxg5 56. Re5+ Kf6 57. Rb5 Ra4 58. Rb6+ Ke5
59. f4+ Kd5 60. g5 Ke4 61. Kg4 1-0

[Event "World Rapid 2022"]
[Site "Almaty KAZ"]
[Date "2022.12.28"]
[Round "13.50"]
[White "Sanal, Vahap"]
[Black "Pranav, V"]
[Result "0-1"]
[WhiteTitle "GM"]
[BlackTitle "GM"]
[WhiteElo "2597"]
[BlackElo "2545"]
[WhiteFideId "6300545"]
[BlackFideId "25060783"]
[EventDate "2022.12.26"]

1. e4 e5 2. Nc3 Nc6 3. Bc4 Nf6 4. d3 Bc5 5. h3 d6 6. Nge2 h6 7. Na4 Bb6 8. a3
Be6 9. Bxe6 fxe6 10. Nxb6 axb6 11. Ng3 O-O 12. O-O Ne7 13. c3 Ng6 14. d4 Qe8 15.
Be3 Nh7 16. dxe5 dxe5 17. c4 Nf4 18. Kh2 Rd8 19. Qc2 Qg6 20. Qc3 Qf6 21. Rfd1
Rxd1 22. Rxd1 Nxg2 23. Kxg2 Qf3+ 24. Kh2 Qxd1 25. Qxe5 Ng5 26. Kg2 Qf3+ 27. Kg1
Qxe3 0-1

[Event "World Rapid 2022"]
[Site "Almaty KAZ"]
[Date "2022.12.28"]
[Round "13.51"]
[White "Petrov, Nikita"]
[Black "Sapenov, Daniyal"]
[Result "1-0"]
[WhiteTitle "GM"]
[BlackTitle "FM"]
[WhiteElo "2537"]
[BlackElo "2323"]
[WhiteFideId "4101286"]
[BlackFideId "13728911"]
[EventDate "2022.12.26"]

1. d4 Nf6 2. Bg5 d5 3. e3 c5 4. c3 Ne4 5. Bf4 Qb6 6. Qb3 Nc6 7. Bd3 Bf5 8. f3
Ng3 9. Bxf5 Nxf5 10. g4 Nh4 11. Bg3 Ng6 12. dxc5 Qxc5 13. Qxb7 Rd8 14. Ne2 e5
15. b4 Qd6 16. Qa6 Qc7 17. Nd2 h5 18. gxh5 Rxh5 19. O-O Bd6 20. e4 Be7 21. exd5
Rxd5 22. Nc4 Kf8 23. Ne3 Rd6 24. Qc4 Bg5 25. Nd5 Qd7 26. Qg4 Rxd5 27. Qxh5 Rd2
28. Qxg5 Rxe2 29. Rad1 Qc7 30. Qf5 Nge7 31. Qd7 Qb8 32. Qd6 1-0

[Event "World Rapid 2022"]
[Site "Almaty KAZ"]
[Date "2022.12.28"]
[Round "13.52"]
[White "Brunello, Sabino"]
[Black "Madaminov, Mukhiddin"]
[Result "0-1"]
[WhiteTitle "GM"]
[BlackTitle "IM"]
[WhiteElo "2519"]
[BlackElo "2438"]
[WhiteFideId "813613"]
[BlackFideId "14210703"]
[EventDate "2022.12.26"]

1. d4 Nf6 2. c4 g6 3. Nc3 d5 4. cxd5 Nxd5 5. e4 Nxc3 6. bxc3 Bg7 7. Bc4 c5 8.
Ne2 Nc6 9. Be3 O-O 10. O-O b6 11. Qd2 Bb7 12. Rac1 e6 13. Rfd1 Na5 14. Bd3 cxd4
15. cxd4 Rc8 16. h4 Qd7 17. h5 Rxc1 18. Rxc1 Rc8 19. h6 Bf8 20. Ng3 a6 21. Rxc8
Qxc8 22. d5 exd5 23. exd5 Nc4 24. Bxc4 Qxc4 25. d6 Qc6 26. Ne4 Qxe4 27. f3 Qb1+
28. Kh2 Bc6 29. d7 Bxd7 30. Qxd7 Qxa2 31. Bxb6 Qe6 32. Qa7 Bd6+ 33. g3 Qe2+ 0-1

[Event "World Rapid 2022"]
[Site "Almaty KAZ"]
[Date "2022.12.28"]
[Round "13.53"]
[White "Ivic, Velimir"]
[Black "Matlakov, Maxim"]
[Result "1-0"]
[WhiteTitle "GM"]
[BlackTitle "GM"]
[WhiteElo "2572"]
[BlackElo "2662"]
[WhiteFideId "950122"]
[BlackFideId "4168003"]
[EventDate "2022.12.26"]

1. d4 d5 2. c4 e6 3. Nc3 Nf6 4. cxd5 exd5 5. Bg5 c6 6. e3 h6 7. Bh4 Be7 8. Bd3
O-O 9. Nge2 Re8 10. O-O Nbd7 11. a4 Nh5 12. Bxe7 Qxe7 13. a5 Ndf6 14. Nc1 g6 15.
a6 b6 16. Be2 Ng7 17. Nd3 Bf5 18. Ne5 Rac8 19. g4 Be6 20. f4 h5 21. h3 c5 22.
Bb5 Red8 23. f5 gxf5 24. gxf5 Nxf5 25. Qf3 Kh8 26. Kh2 Rg8 27. Rg1 cxd4 28. exd4
Qb4 29. Nxf7+ Bxf7 30. Qxf5 Qxd4 31. Rgf1 Bg6 32. Qxf6+ Qxf6 33. Rxf6 d4 34. Ne2
Rc2 35. Rg1 d3 36. Rfxg6 Rxg6 37. Bxd3 Rxg1 38. Kxg1 Rxb2 39. Kf2 Rb4 40. Ke3
Kg7 41. Nd4 Kf6 42. Nc6 Rh4 43. Bf1 b5 44. Nd4 Ke7 45. Nf5+ 1-0